Scaramouche /

Disguised as a stage clown, Andre Moreau perfects his skill as a swordsman in order to strike a blow for the French Revolution.

Bibliographic Details
Uniform Title:Scaramouche (Motion picture : 1952)
Corporate Authors: Metro-Goldwyn-Mayer, Warner Home Video (Firm), Turner Entertainment Co
Other Authors: Sabatini, Rafael, 1875-1950, Wilson, Carey, 1889-1962, Millar, Ronald, 1919-1998, Froeschel, George, Sidney, George, 1916-2002, Granger, Stewart, 1913-1993, Parker, Eleanor, 1922-2013, Leigh, Janet, Ferrer, Mel
Format: Video DVD
Language:English
French
Language Notes:English or French dialogue; English, French, or Spanish subtitles; closed-captioned.
Published: [San Francisco] : Turner Entertainment ; [2012]
Edition:[Standard version].
Series:Archive collection.
Subjects:

MARC

Tag First Indicator Second Indicator Subfields
LEADER 00000cgm a2200000Ia 4500
001 in00002781487
005 20150922132417.0
007 vd cvaizm
008 030717s2012 cau114 vleng d
020 |z 079077481X 
020 |z 9780790774817 
024 1 |a 883316486061 
028 4 2 |a 65710  |b Warner Home Video 
035 |a (OCoLC)ocm52635222 
035 |a (OCoLC)52635222 
040 |a WIJ  |b eng  |c WIJ  |d OCLCQ  |d RCS  |d OCLCQ  |d OCL  |d WIS  |d OCLCA  |d BTCTA  |d OCLCA  |d OCLCQ  |d IHI  |d OCLCQ  |d OCLCA  |d YDXCP  |d KL8  |d OCLCA  |d OCLCQ  |d ZCU  |d TEF  |d IGA  |d CLE  |d UtOrBLW 
041 1 |a eng  |a fre  |j eng  |j fre  |j spa  |h eng 
043 |a e-fr--- 
049 |a TXAM 
050 4 |a PN1997  |b .S318 2012 
082 0 4 |a 791.43/72  |2 23 
090 |a PN1997  |b .S313 2012 
130 0 |a Scaramouche (Motion picture : 1952) 
245 1 0 |a Scaramouche /  |c M-G-M presents ; produced by Carey Wilson ; screenplay, Ronald Millar and George Froeschel ; director, George Sidney. 
250 |a [Standard version]. 
264 1 |a [San Francisco] :  |b Turner Entertainment ;  |c [2012] 
264 2 |a Burbank, CA :  |b Distributed by Warner Home Video, 
300 |a 1 videodisc (114 min.) :  |b sound, color ;  |c 4 3/4 in. 
336 |a two-dimensional moving image  |b tdi  |2 rdacontent 
337 |a video  |b v  |2 rdamedia 
338 |a videodisc  |b vd  |2 rdacarrier 
490 1 |a WB Home Entertainment Group archive collection 
538 |a DVD-R; full screen (4x3 : 1.37:1) presentation; Dolby digital mono., dual-layer format. 
546 |a English or French dialogue; English, French, or Spanish subtitles; closed-captioned. 
500 |a Title from container. 
511 1 |a Stewart Granger, Eleanor Parker, Janet Leigh, Mel Ferrer. 
508 |a Director of photography, Charles Rosher ; editor, James E. Newcom ; music, Victor Young ; art directors, Cedric Gibbons, Hans Peters. 
500 |a Based on the novel Scaramouche, by Rafael Sabatini. 
500 |a Originally released as a motion picture in 1952. 
500 |a "This disc is expected to play back in DVD video 'play only' devices, and may not play back in other DVD devices, including recorders and PC drives."--Container. 
521 8 |a Not rated. 
520 |a Disguised as a stage clown, Andre Moreau perfects his skill as a swordsman in order to strike a blow for the French Revolution. 
500 |a Special features: "Retrospective with Mel Ferrer" featurette ; animated commercial. 
500 |a Videorecording. 
650 0 |a Clowns  |z France  |x History  |y Revolution, 1789-1799  |v Drama. 
651 0 |a France  |x History  |y Revolution, 1789-1799  |v Drama. 
655 7 |a Feature films.  |2 lcgft 
655 7 |a Action and adventure films.  |2 lcgft 
655 7 |a Swashbuckler films.  |2 lcgft 
655 7 |a Fiction films.  |2 lcgft 
655 7 |a Video recordings for the hearing impaired.  |2 lcgft 
700 1 |a Sabatini, Rafael,  |d 1875-1950.  |t Scaramouche. 
700 1 |a Wilson, Carey,  |d 1889-1962. 
700 1 |a Millar, Ronald,  |d 1919-1998. 
700 1 |a Froeschel, George. 
700 1 |a Sidney, George,  |d 1916-2002. 
700 1 |a Granger, Stewart,  |d 1913-1993. 
700 1 |a Parker, Eleanor,  |d 1922-2013. 
700 1 |a Leigh, Janet. 
700 1 |a Ferrer, Mel. 
710 2 |a Metro-Goldwyn-Mayer. 
710 2 |a Warner Home Video (Firm) 
710 2 |a Turner Entertainment Co. 
830 0 |a Archive collection. 
994 |a C0  |b TXA 
948 |a cataloged  |b h  |c 2012/10/29  |d c  |e blrosas  |f 1:16:18 pm 
999 |a MARS 
999 f f |s 17890efc-f323-3786-b616-5d4ad6d204c2  |i d9f8697f-33b0-39c5-9e45-cebb62c4457f  |t 0 
952 f f |p dvd  |a Texas A&M University  |b College Station  |c Sterling C. Evans Library  |d Evans: Media and Reserves (Annex 1st floor)  |t 0  |e PN1997 .S313 2012  |h Library of Congress classification  |i video -- videodisc  |k DVD-ROM  |m A14841594536 
998 f f |a PN1997 .S313 2012  |t 0  |l Evans: Media and Reserves (Annex 1st floor)